<?xml version="1.0" encoding="UTF-8"?>
<record
    xmlns:xsi="http://www.w3.org/2001/XMLSchema-instance"
    xsi:schemaLocation="http://www.loc.gov/MARC21/slim http://www.loc.gov/standards/marcxml/schema/MARC21slim.xsd"
    xmlns="http://www.loc.gov/MARC21/slim">

  <leader>00407nam a22001577a 4500</leader>
  <controlfield tag="005">20250820125130.0</controlfield>
  <datafield tag="020" ind1=" " ind2=" ">
    <subfield code="a">9781647287290</subfield>
  </datafield>
  <datafield tag="100" ind1=" " ind2=" ">
    <subfield code="a">Legato, Robert</subfield>
    <subfield code="9">738</subfield>
  </datafield>
  <datafield tag="245" ind1=" " ind2=" ">
    <subfield code="a">Typesetting mathematics with latex</subfield>
  </datafield>
  <datafield tag="260" ind1=" " ind2=" ">
    <subfield code="a">New York</subfield>
    <subfield code="b">Willford press</subfield>
    <subfield code="c">2025</subfield>
  </datafield>
  <datafield tag="300" ind1=" " ind2=" ">
    <subfield code="a">193</subfield>
  </datafield>
  <datafield tag="650" ind1=" " ind2=" ">
    <subfield code="a">Mathematical notation</subfield>
    <subfield code="9">739</subfield>
  </datafield>
  <datafield tag="650" ind1=" " ind2=" ">
    <subfield code="a">LaTeX </subfield>
    <subfield code="9">740</subfield>
  </datafield>
  <datafield tag="650" ind1=" " ind2=" ">
    <subfield code="a">Document preparation</subfield>
    <subfield code="9">741</subfield>
  </datafield>
  <datafield tag="942" ind1=" " ind2=" ">
    <subfield code="2">ddc</subfield>
    <subfield code="c">BK</subfield>
  </datafield>
  <datafield tag="999" ind1=" " ind2=" ">
    <subfield code="c">751003</subfield>
    <subfield code="d">751003</subfield>
  </datafield>
  <datafield tag="952" ind1=" " ind2=" ">
    <subfield code="0">0</subfield>
    <subfield code="1">0</subfield>
    <subfield code="2">ddc</subfield>
    <subfield code="4">0</subfield>
    <subfield code="7">1</subfield>
    <subfield code="8">REF</subfield>
    <subfield code="a">MAT</subfield>
    <subfield code="b">MAT</subfield>
    <subfield code="c">REF</subfield>
    <subfield code="d">2025-06-24</subfield>
    <subfield code="e">Book Bay, Trivandrum</subfield>
    <subfield code="g">12657.33</subfield>
    <subfield code="l">0</subfield>
    <subfield code="o">R 686.22544 LEG-T</subfield>
    <subfield code="p">MAT8117</subfield>
    <subfield code="r">2025-08-20 12:55:20</subfield>
    <subfield code="w">2025-08-20</subfield>
    <subfield code="y">BK</subfield>
  </datafield>
</record>
